[Event "Palmira Fortalece Sede"]
[Site "Palmira"]
[Date "2022.12.15"]
[Round "4"]
[White "Avila Pavas, Santiago"]
[Black "Garcia Pantoja, Roberto"]
[Result "1/2-1/2"]
[WhiteElo "2472"]
[BlackElo "2512"]
[PlyCount "77"]
[EventDate "2022.12.13"]
[EventType "swiss"]
[EventRounds "10"]
[EventCountry "COL"]
[SourceTitle "CBM 211 Extra"]
[Source "ChessBase"]
[SourceDate "2023.01.31"]
[SourceVersion "1"]
[SourceVersionDate "2023.01.31"]
[SourceQuality "1"]

1. e4 c6 2. Nf3 d5 3. Nc3 Bg4 4. h3 Bxf3 5. Qxf3 e6 6. d4 Nf6 7. Bd3 dxe4 8. Nxe4 Nxe4 9. Qxe4 Nd7 10. c3 Nf6 11. Qe2 Qd5 12. 0-0 Bd6 13. Rd1 Qh5 14. Qxh5 Nxh5 15. c4 Nf6 16. Bg5 h6 17. Bxf6 gxf6 18. d5 Ke7 19. dxc6 bxc6 20. c5 Bxc5 21. Rac1 Bb6 22. Rxc6 Rad8 23. Rcc1 Rd4 24. Bb5 Rhd8 25. Rxd4 Rxd4 26. Rc2 Rd1+ 27. Kh2 f5 28. g3 Rd4 29. Kg2 e5 30. Kf3 f4 31. g4 e4+ 32. Kxf4 e3+ 33. Kf3 Rb4 34. Bf1 exf2 35. b3 Kf6 36. Rc4 Rxc4 37. Bxc4 Ke5 38. Kg2 f5 39. gxf5 1/2-1/2

[Event "Palmira Fortalece Sede"]
[Site "Palmira"]
[Date "2022.12.15"]
[Round "5"]
[White "Garcia Pantoja, Roberto"]
[Black "Cori Quispe, Kevin Joel"]
[Result "0-1"]
[WhiteElo "2512"]
[BlackElo "2469"]
[PlyCount "110"]
[EventDate "2022.12.13"]
[EventType "swiss"]
[EventRounds "10"]
[EventCountry "COL"]
[SourceTitle "CBM 211 Extra"]
[Source "ChessBase"]
[SourceDate "2023.01.31"]
[SourceVersion "1"]
[SourceVersionDate "2023.01.31"]
[SourceQuality "1"]

1. e4 e5 2. Nf3 Nc6 3. Bc4 Bc5 4. c3 Nf6 5. d4 exd4 6. b4 Bb6 7. e5 d5 8. exf6 dxc4 9. Qe2+ Be6 10. b5 Na5 11. fxg7 Rg8 12. cxd4 Qf6 13. Bg5 Qxg7 14. Qe4 Bxd4 15. Nxd4 Qxg5 16. Nxe6 fxe6 17. 0-0 0-0-0 18. Nc3 Rd3 19. Rac1 Qg4 20. Rfe1 Qxe4 21. Nxe4 Rg6 22. h4 Rd5 23. Nc3 Rf5 24. Re4 c6 25. a4 Rgf6 26. bxc6 Rxf2 27. cxb7+ Kxb7 28. Nb5 R2f4 29. Re5 Rxh4 30. Rd1 Nc6 31. Nd6+ Ka6 32. Rc5 Nd4 33. g3 Ne2+ 34. Kg2 Rg4 35. Rc6+ Ka5 36. Nxc4+ Kxa4 37. Ra1+ Kb5 38. Rb1+ Kxc6 39. Ne5+ Kc7 40. Nxg4 Rg6 41. Ne5 Rg5 42. Nf3 Rg7 43. Kf2 Nxg3 44. Nd4 Ne4+ 45. Ke3 Ng5 46. Kf4 Kd6 47. Nb5+ Kc5 48. Nc3 Kc4 49. Na4 h6 50. Ke5 Rf7 51. Rc1+ Kb4 52. Nc5 Rf5+ 53. Kd6 Nf7+ 54. Kc6 Nd8+ 55. Kd6 Rd5+ 0-1

[Event "Palmira Fortalece Sede"]
[Site "Palmira"]
[Date "2022.12.13"]
[Round "1"]
[White "Garcia Pantoja, Roberto"]
[Black "Paredes Lagos, Anthony Javier"]
[Result "1-0"]
[WhiteElo "2512"]
[BlackElo "2217"]
[PlyCount "119"]
[EventDate "2022.12.13"]
[EventType "swiss"]
[EventRounds "10"]
[EventCountry "COL"]
[SourceTitle "CBM 211 Extra"]
[Source "ChessBase"]
[SourceDate "2023.01.31"]
[SourceVersion "1"]
[SourceVersionDate "2023.01.31"]
[SourceQuality "1"]

1. e4 c5 2. Nf3 d6 3. Bb5+ Nd7 4. a4 Ngf6 5. Nc3 a6 6. Be2 e5 7. 0-0 g6 8. d3 Bg7 9. Nd2 Nf8 10. Nc4 Ne6 11. a5 0-0 12. Rb1 Bd7 13. b4 cxb4 14. Rxb4 Bc6 15. Nb6 Rb8 16. Ncd5 Nd7 17. Bd2 Ndc5 18. f4 f5 19. exf5 gxf5 20. Qe1 Nd4 21. Bd1 Qe8 22. Qg3 Qe6 23. c3 Nb5 24. c4 Nd4 25. fxe5 dxe5 26. Qh3 Kh8 27. Rb2 e4 28. dxe4 fxe4 29. Qxe6 Ncxe6 30. Bc3 e3 31. Re1 e2 32. Bxe2 Nf4 33. Bg4 Bxd5 34. Nxd5 Nd3 35. Re7 Nxb2 36. Rxg7 Kxg7 37. Bxd4+ Kg6 38. Bxb2 Rbe8 39. Bf3 Re1+ 40. Kf2 Rb1 41. Bd4 Rc1 42. Ne3 h5 43. Kg3 Rf7 44. Be4+ Kh6 45. Nf5+ Rxf5 46. Bxf5 Rxc4 47. Be3+ Kg7 48. Kf3 Rb4 49. Be4 Kf6 50. Bb6 Rb3+ 51. Kf4 Rb4 52. Ke3 Rb3+ 53. Kd4 Kg5 54. Bxb7 Rb2 55. Bxa6 Rxg2 56. h3 Rd2+ 57. Kc3 Rd1 58. Be2 Ra1 59. a6 Kh4 60. a7 1-0

[Event "Sabaneta op-A 1st"]
[Site "Sabaneta"]
[Date "2022.12.01"]
[Round "10"]
[White "Garcia Pantoja, Roberto"]
[Black "Bobadilla Viera, Jorge Samuel"]
[Result "1-0"]
[WhiteElo "2512"]
[BlackElo "2347"]
[PlyCount "113"]
[EventDate "2022.11.25"]
[EventType "swiss"]
[EventRounds "10"]
[EventCountry "COL"]
[SourceTitle "CBM 211 Extra"]
[Source "ChessBase"]
[SourceDate "2023.01.31"]
[SourceVersion "1"]
[SourceVersionDate "2023.01.31"]
[SourceQuality "1"]

1. e4 c5 2. Nf3 d6 3. Bb5+ Bd7 4. Bxd7+ Nxd7 5. c4 Ngf6 6. Nc3 g6 7. 0-0 Bg7 8. d4 cxd4 9. Nxd4 0-0 10. b3 a6 11. Bb2 Rc8 12. Re1 Re8 13. Rc1 Qa5 14. Rc2 Qh5 15. f3 e6 16. Rce2 Qc5 17. Kh1 Nh5 18. Rd2 Bh6 19. Rc2 Bg7 20. Rd2 Bh6 21. Rc2 Bg7 22. Na4 Qg5 23. Ne2 Bxb2 24. Nxb2 d5 25. Rd2 Ndf6 26. Nc3 dxc4 27. bxc4 Qa5 28. Qc1 Red8 29. Rxd8+ Rxd8 30. e5 Nd7 31. Nd3 Nb6 32. Nf2 Qc5 33. Ng4 Qxc4 34. Qg5 f6 35. Qe3 Qd4 36. Qxd4 Rxd4 37. exf6 Nd7 38. Ne4 b6 39. g3 Rd5 40. f4 Kf8 41. a4 h6 42. Rc1 Nc5 43. Ne5 Rxe5 44. fxe5 Nxe4 45. Rc6 a5 46. Rxe6 Nc5 47. Rxb6 Nxa4 48. Rb5 Nc3 49. Rxa5 Ne4 50. Ra8+ Kf7 51. Ra7+ Kf8 52. Kg2 Nexf6 53. exf6 Nxf6 54. Kf3 Ng8 55. Rh7 h5 56. Kf4 Nf6 57. Ra7 1-0

[Event "Sabaneta op-A 1st"]
[Site "Sabaneta"]
[Date "2022.11.28"]
[Round "5"]
[White "Avila Pavas, Santiago"]
[Black "Garcia Pantoja, Roberto"]
[Result "1-0"]
[WhiteElo "2461"]
[BlackElo "2512"]
[PlyCount "121"]
[EventDate "2022.11.25"]
[EventType "swiss"]
[EventRounds "10"]
[EventCountry "COL"]
[SourceTitle "CBM 211 Extra"]
[Source "ChessBase"]
[SourceDate "2023.01.31"]
[SourceVersion "1"]
[SourceVersionDate "2023.01.31"]
[SourceQuality "1"]

1. e4 c5 2. Nf3 d6 3. d4 cxd4 4. Nxd4 Nf6 5. Nc3 a6 6. Be3 e5 7. Nb3 Be7 8. f3 Be6 9. Qd2 h5 10. Nd5 Nxd5 11. exd5 Bf5 12. Be2 Bh4+ 13. g3 Be7 14. 0-0-0 Nd7 15. Bd3 Bxd3 16. Qxd3 0-0 17. Kb1 Rc8 18. Rc1 f5 19. f4 Qe8 20. Rhe1 Qf7 21. Na5 Nc5 22. Qd1 e4 23. Qd2 Bf6 24. Nc4 Qc7 25. Bd4 Na4 26. Ne3 Bxd4 27. Qxd4 b5 28. c4 b4 29. Qd1 Nc5 30. Qxh5 Qf7 31. Qxf7+ Rxf7 32. Rg1 Nd3 33. Rcf1 Rcf8 34. Nc2 Rf6 35. Nd4 Rh6 36. Rg2 a5 37. Ne6 Rc8 38. g4 fxg4 39. Rxg4 Rxh2 40. f5 Kh8 41. Rxe4 b3 42. axb3 Rxb2+ 43. Ka1 Rxb3 44. Nd4 Ra3+ 45. Kb1 Ne5 46. Nb5 Rh3 47. Nxd6 Rb8+ 48. Ka2 Rh2+ 49. Ka3 Rh3+ 50. Ka4 Rh2 51. Ra1 Rb4+ 52. Kxa5 Rb8 53. Rxe5 Ra8+ 54. Kb6 Rxa1 55. Nb5 Rd2 56. d6 Rb1 57. Rd5 Rbd1 58. Rxd2 Rxd2 59. Kc7 Rc2 60. d7 Rxc4+ 61. Kd6 1-0

[Event "Sabaneta op-A 1st"]
[Site "Sabaneta"]
[Date "2022.11.27"]
[Round "3"]
[White "Paredes Lagos, Anthony Javier"]
[Black "Garcia Pantoja, Roberto"]
[Result "0-1"]
[WhiteElo "2230"]
[BlackElo "2512"]
[PlyCount "48"]
[EventDate "2022.11.25"]
[EventType "swiss"]
[EventRounds "10"]
[EventCountry "COL"]
[SourceTitle "CBM 211 Extra"]
[Source "ChessBase"]
[SourceDate "2023.01.31"]
[SourceVersion "1"]
[SourceVersionDate "2023.01.31"]
[SourceQuality "1"]

1. d4 Nf6 2. g3 d5 3. c4 e6 4. Bg2 Be7 5. Nf3 0-0 6. 0-0 dxc4 7. Qc2 a6 8. a4 Nc6 9. Qxc4 Na5 10. Qc2 b6 11. Bg5 Nd5 12. Bxe7 Qxe7 13. Ne5 Bb7 14. Nd3 Rfd8 15. e3 Rac8 16. Nd2 c5 17. dxc5 bxc5 18. b3 Nxe3 19. fxe3 Bxg2 20. Kxg2 Qd6 21. Rxf7 Kxf7 22. Nf3 Kg8 23. Nde5 Qd5 24. Rb1 Nc6 0-1

[Event "Sabaneta op-A 1st"]
[Site "Sabaneta"]
[Date "2022.11.26"]
[Round "2"]
[White "Garcia Pantoja, Roberto"]
[Black "Betancourt Giraldo, David Rogelio"]
[Result "1-0"]
[WhiteElo "2512"]
[BlackElo "2035"]
[PlyCount "79"]
[EventDate "2022.11.25"]
[EventType "swiss"]
[EventRounds "10"]
[EventCountry "COL"]
[SourceTitle "CBM 211 Extra"]
[Source "ChessBase"]
[SourceDate "2023.01.31"]
[SourceVersion "1"]
[SourceVersionDate "2023.01.31"]
[SourceQuality "1"]

1. e4 e5 2. Nf3 d6 3. d4 Nf6 4. Nc3 Nbd7 5. Bc4 Be7 6. 0-0 0-0 7. a4 c6 8. Re1 h6 9. Ba2 Re8 10. Nh4 Bf8 11. Ng6 Qc7 12. Be3 a6 13. a5 exd4 14. Bxd4 c5 15. Bxf6 Nxf6 16. Nf4 b5 17. axb6 Qxb6 18. Ncd5 Nxd5 19. Nxd5 Qd8 20. Bc4 Ra7 21. Qd3 a5 22. b3 Be6 23. Bb5 Bd7 24. Ra4 Bxb5 25. Qxb5 f5 26. g3 fxe4 27. Rexe4 Rxe4 28. Rxe4 Qd7 29. Qc4 Kh7 30. h4 Qd8 31. Qd3 Kg8 32. Qc4 Kh8 33. Nf4 Qf6 34. Re6 Qf5 35. Ng6+ Kh7 36. g4 Qxg6 37. Rxg6 Kxg6 38. Qb5 Re7 39. Qxa5 h5 40. Qa8 1-0

[Event "Sabaneta op-A 1st"]
[Site "Sabaneta"]
[Date "2022.11.25"]
[Round "1"]
[White "Cordoba Roa, Angel Gabriel"]
[Black "Garcia Pantoja, Roberto"]
[Result "1/2-1/2"]
[WhiteElo "2126"]
[BlackElo "2512"]
[PlyCount "95"]
[EventDate "2022.11.25"]
[EventType "swiss"]
[EventRounds "10"]
[EventCountry "COL"]
[SourceTitle "CBM 211 Extra"]
[Source "ChessBase"]
[SourceDate "2023.01.31"]
[SourceVersion "1"]
[SourceVersionDate "2023.01.31"]
[SourceQuality "1"]

1. e4 c5 2. Nf3 d6 3. d4 cxd4 4. Nxd4 Nf6 5. Nc3 a6 6. Bg5 Nbd7 7. Qe2 e6 8. f4 Qc7 9. 0-0-0 b5 10. f5 e5 11. Nd5 Nxd5 12. exd5 Nb6 13. g4 h5 14. h4 Bb7 15. Bg2 Qc4 16. Qxc4 Nxc4 17. b3 Nb6 18. Nc6 hxg4 19. h5 Nd7 20. Rh4 Rc8 21. Rdh1 Nb6 22. f6 gxf6 23. Bxf6 Rh6 24. Bg5 f5 25. Rf1 Rh7 26. Rxf5 Nxd5 27. Bxd5 Bxc6 28. Bg8 Rg7 29. Be6 Bd7 30. h6 Rh7 31. Bxd7+ Kxd7 32. Rf6 Be7 33. Rg6 Bxg5+ 34. Rxg5 Rch8 35. Rg7+ Ke6 36. Rhxg4 Rxh6 37. Ra7 Rc8 38. Rxa6 Rh2 39. Rg6+ Kf5 40. Rgxd6 Rcxc2+ 41. Kb1 Rb2+ 42. Kc1 e4 43. Rh6 Rxh6 44. Rxh6 Rxa2 45. Rh5+ Kf4 46. Rxb5 Ke3 47. Rh5 Ke2 48. Rh2+ 1/2-1/2

[Event "Titled Tuesday intern op 15th Nov Late"]
[Site "Chess.com INT"]
[Date "2022.11.15"]
[Round "2"]
[White "Garcia Pantoja, Roberto"]
[Black "Grapsa, Georgia"]
[Result "1-0"]
[WhiteElo "2512"]
[BlackElo "1977"]
[PlyCount "103"]
[EventDate "2022.11.15"]
[EventType "swiss (blitz)"]
[EventRounds "11"]
[EventCountry "USA"]
[SourceTitle "CBM 211 Extra"]
[Source "ChessBase"]
[SourceDate "2023.01.31"]
[SourceVersion "1"]
[SourceVersionDate "2023.01.31"]
[SourceQuality "1"]

1. e4 d5 2. exd5 Qxd5 3. Nc3 Qa5 4. d4 Nf6 5. Nf3 c6 6. Ne5 Be6 7. f4 Nbd7 8. Bd3 Nxe5 9. fxe5 Nd5 10. Bd2 Nxc3 11. Bxc3 Qc7 12. 0-0 g6 13. Bb4 Bh6 14. Qe1 0-0-0 15. c3 Bg7 16. Qe2 Rhe8 17. Rae1 Kb8 18. a4 a5 19. Ba3 Bb3 20. Bc4 Bxc4 21. Qxc4 e6 22. Bd6 Rxd6 23. exd6 Qd7 24. Qc5 f5 25. Qxa5 Qxd6 26. Qb6 Bf6 27. Re2 Bd8 28. Qb3 Bc7 29. g3 h5 30. Rfe1 h4 31. Rxe6 Rxe6 32. Qxe6 hxg3 33. Qxd6 Bxd6 34. Re6 gxh2+ 35. Kg2 Kc7 36. Rxg6 Bf4 37. Rf6 Bc1 38. b3 Bb2 39. c4 Bxd4 40. Rxf5 Bg1 41. c5 Kb8 42. Rh5 Ka7 43. Kf3 Ka6 44. b4 Bd4 45. Rxh2 Bc3 46. Rh4 b6 47. cxb6 Kxb6 48. Ke3 c5 49. Rh6+ Kb7 50. bxc5 Bb2 51. Ke4 Ba3 52. Kd5 1-0